000 01354nam a22003377a 4500
003 EG-ScBUE
005 20211026132535.0
008 090831s2005 ua f 000 0 ara d
020 _a9776163246
040 _aEG-ScBUE
_bara
_erda
_cEG-ScBUE
_dEG-ScBUE
041 _aara
_heng
043 _ae------
082 0 4 _a025.04
_bج ا ن
_222
100 1 _aجانيني، جان نويل،
_d1942-
_eمؤلف.
245 1 0 _aجوجل .. عندما تتحدى أوروبا:
_bدعوة إلى الانتفاضة /
_cجان نويل جانيني ؛ ترجمة عثمان مصطفى عثمان.
264 1 _aالقاهرة :
_bمكتبة الإسكندرية،
_c2005.
300 _a112 صفحة ؛
_c22 سم
336 _2rdacontent
_aنص
_btxt
337 _2rdamedia
_aبدون وسيط
_bn
338 _2rdacarrier
_aمجلد
_bnc
541 _cإهداء.
546 _aالنص باللغة العربية وتم ترجمته من اللغة الإنجليزية.
610 2 _98702
_aجوجل (شركة).
650 7 _98699
_a‪مصادر المعلومات
_zأوروبا.
_2BUEsh
650 7 _98701
_a‪اختزان واسترجاع المعلومات
_zأوروبا.
_2BUEsh
651 _2BUEsh
653 _bCOMSCI
_cOctober2021
655 _vReading book
_934232
700 1 _aعثمان، عثمان مصطفى،
_eمترجم.
942 _2ddc
_cBB
999 _c12736
_d12736